00617 a2200181 4500008004100000010001400041020002300055035001300078037001800091082001300109100002300122245009400145260003900239270005700278300003000335650004300365700002700408080820t xxu||||| |||| 00| 0 eng d aENG-84927 a813130003Xc395.00 aEN-68460 bD.B.Act / Pub a630.2576 aRajvaidya, Neelima aAgricultural applications of microbiologycby Neelima Rajvaidya and Dilip Kumar Markandey aNew DelhibA P H Publishingc2006. a5, Ansari Road, Darya GanjbNew DelhicDelhie110002 aviii, 147 p.c22 cm. (Hb) aMicrobiologyxAgricultural applicatons aMarkandey, Dilip Kumar